| 000 | 01139pam a2200301 a 4500 | ||
|---|---|---|---|
| 999 |
_c41159 _d41159 |
||
| 001 | 1509433 | ||
| 003 | OSt | ||
| 005 | 20210702134523.0 | ||
| 008 | 890203s1989 nyua b 001 0 eng | ||
| 010 | _a 89030834 | ||
| 020 | _a9781461269823 | ||
| 040 |
_aDLC _cDLC _dDLC |
||
| 050 | 0 | 0 |
_aT57.74 _b.S82 1989 |
| 082 | 0 | 0 |
_a519.72 _219 _bSTR/L |
| 100 | 1 |
_aStrayer, James K. _98627 |
|
| 245 | 1 | 0 |
_aLinear programming and its applications / _cJames K. Strayer. |
| 260 |
_aNew York : _bSpringer-Verlag, _cc1989. |
||
| 300 |
_axi, 265 p. : _bill. ; _c25 cm. |
||
| 440 | 0 | _aUndergraduate texts in mathematics | |
| 500 | _aIncludes index. | ||
| 504 | _aBibliography: p. [259]-260. | ||
| 650 | 0 | _aLinear programming. | |
| 856 | 4 | 2 |
_3Publisher description _uhttp://www.loc.gov/catdir/enhancements/fy0817/89030834-d.html |
| 856 | 4 | 1 |
_3Table of contents only _uhttp://www.loc.gov/catdir/enhancements/fy0817/89030834-t.html |
| 906 |
_a7 _bcbc _corignew _d1 _eocip _f19 _gy-gencatlg |
||
| 942 |
_2ddc _cBK _h519.72 _iSTR/L _k519.72 _mSTR/L |
||